LEADER 00863nam0-22002891i-450- 001 990003454770403321 005 20001010 035 $a000345477 035 $aFED01000345477 035 $a(Aleph)000345477FED01 035 $a000345477 100 $a20000920d1983----km-y0itay50------ba 101 0 $aita 105 $ay-------001yy 200 1 $aRadetzky e le armate imperiali. L'impero d' Austria e l'esercito asburgico nella rivol uzione del 1848 210 $aBologna$cIl Mulino$d1983 215 $a445 225 1 $a 700 1$aSked Alan$0133798 801 0$aIT$bUNINA$gRICA$2UNIMARC 901 $aBK 912 $a990003454770403321 952 $aSE 011.06.10-$b816$fDECSE 959 $aDECSE 996 $aRadetzky e le armate imperiali. L'impero d' Austria e l'esercito asburgico nella rivol uzione del 1848$9445172 997 $aUNINA DB $aING01 LEADER 01413nam0-22002891i-450- 001 990004618240403321 005 20160921124149.0 035 $a000461824 035 $aFED01000461824 035 $a(Aleph)000461824FED01 035 $a000461824 100 $a19990604d1834----km-y0itay50------ba 101 0 $aita 102 $aIT 105 $ay---e---001-y 200 1 $aDizionario legale contenente la difinizione e la spiegazione dei vocaboli e modi di dire usati nell'antica e nuova legislazione canonica, civile, penale, amministrativa secondo l'ultimo suo stato nel Regno delle Due Sicilie : sonovi aggiunte le pił importanti voci della medicina e chirurgia legale$fper uso dello studio privato del professore P. Liberatore 210 $aNapoli$cnella tipografia de' fratelli Rusconi$d1834 215 $aiv, 536 p.$d27 cm 676 $a945.70833$v21$zita 700 1$aLiberatore,$bPasquale$d<1763-1842>$0494714 801 0$aIT$bUNINA$gRICA$2UNIMARC 901 $aBK 912 $a990004618240403321 952 $aSG 945.7/C 2$bI.st.r.c.229$fFLFBC 959 $aFLFBC 996 $aDizionario legale contenente la difinizione e la spiegazione dei vocaboli e modi di dire usati nell'antica e nuova legislazione canonica, civile, penale, amministrativa secondo l'ultimo suo stato nel Regno delle Due Sicilie : sonovi aggiunte le pił importanti voci della medicina e chirurgia legale$9552883 997 $aUNINA